[Event "II C.to Europeo"]
[Site "Ohrid MKD"]
[Date "2001.06.12"]
[Round "11"]
[White "Organdziev, Oliver"]
[Black "Rossi, Carlo"]
[Result "1/2-1/2"]
[WhiteElo "2322"]
[BlackElo "2418"]
[PlyCount "133"]
[EventDate "2001.06.01"]

1. e4 c6 2. d4 d5 3. e5 c5 4. c3 Nc6 5. Na3 Bf5 6. Bd3 Bxd3 7. Qxd3 e6 8. Nc2
cxd4 9. cxd4 Qb6 10. Nf3 Bb4+ 11. Bd2 Bxd2+ 12. Nxd2 Nge7 13. O-O Rc8 14. Rfc1
O-O 15. b3 f6 16. Nf3 fxe5 17. Ng5 Rf5 18. Nxe6 Rf6 19. Ng5 Rg6 20. Nh3 e4 21.
Qd2 Rf8 22. Rf1 Rf3 23. Kh1 Rd3 24. Qf4 Rf6 25. Qg4 Rd2 26. Rac1 h6 27. Nf4 Qa6
28. Ne3 Rxd4 29. Nh5 Rg6 30. Qd7 Kh7 31. Qe8 Qa3 32. Nc2 Qb2 33. Nxd4 Qxd4 34.
Nf4 Rf6 35. Rcd1 Qe5 36. Nxd5 Re6 37. Nxe7 Rxe7 38. Qf8 Re6 39. Rd7 Rg6 40. g3
Qe6 41. Rfd1 e3 42. fxe3 Qe4+ 43. Kg1 Ne5 44. Qf4 Qxf4 45. exf4 Nxd7 46. Rxd7
Ra6 47. Rd2 Kg6 48. Kf2 h5 49. h3 Rc6 50. Rd3 Rc2+ 51. Kf3 Rxa2 52. Rd6+ Kh7
53. Rd5 Kh6 54. Rd6+ Kh7 55. Rd7 b6 56. f5 Kh6 57. g4 Rb2 58. Rd6+ Kh7 59. Rd3
hxg4+ 60. hxg4 Kh6 61. Rd6+ Kh7 62. g5 Rxb3+ 63. Kg4 Rb1 64. Rd7 Rg1+ 65. Kh5
Rh1+ 66. Kg4 Rg1+ 67. Kh5 1/2-1/2

[Event "II C.to Europeo"]
[Site "Ohrid MKD"]
[Date "2001.06.13"]
[Round "12"]
[White "Efimov, Igor"]
[Black "Gicev, Blagoja"]
[Result "1-0"]
[WhiteElo "2480"]
[BlackElo "2336"]
[PlyCount "95"]
[EventDate "2001.06.01"]

1. d4 Nf6 2. c4 g6 3. Nc3 Bg7 4. e4 d6 5. h3 O-O 6. Be3 e5 7. d5 Na6 8. Bd3 Nc5
9. Bc2 a5 10. g4 Ne8 11. Nge2 Bd7 12. Ng3 c6 13. a4 Nc7 14. h4 N7a6 15. h5 Nb4
16. Bb1 Bf6 17. hxg6 fxg6 18. Nf5 gxf5 19. gxf5 Kh8 20. Ra3 Qe7 21. Ne2 b5 22.
Bxc5 dxc5 23. Rah3 Rf7 24. dxc6 Bxc6 25. axb5 Bb7 26. Ng3 Rd8 27. Qe2 Bg5 28.
Qg4 Rd2 29. b3 Qd8 30. O-O Bf4 31. Kg2 Rg7 32. Qh5 Qg8 33. Kf3 Rg5 34. Qh4 Nd3
35. Bxd3 Rxd3+ 36. Ke2 Bxg3 37. Rxg3 Rgxg3 38. fxg3 Rxg3 39. f6 Rg4 40. Qh5
Rxe4+ 41. Kd1 Bc8 42. Kc1 Bg4 43. Qh6 Qf7 44. Kb2 a4 45. b6 Re2+ 46. Ka3 axb3
47. Qg7+ Qxg7 48. fxg7+ 1-0

[Event "II C.to Europeo"]
[Site "Ohrid MKD"]
[Date "2001.06.13"]
[Round "12"]
[White "Gurevich, Mikhail N."]
[Black "Godena, Michele"]
[Result "1-0"]
[WhiteElo "2688"]
[BlackElo "2494"]
[PlyCount "73"]
[EventDate "2001.06.01"]

1. c4 e6 2. d4 d5 3. Nc3 Bb4 4. e3 c5 5. a3 Bxc3+ 6. bxc3 Ne7 7. cxd5 exd5 8.
Bd3 Nbc6 9. Ne2 c4 10. Bc2 Bf5 11. Rb1 Qd7 12. a4 O-O 13. O-O Rfe8 14. Ba3 Bxc2
15. Qxc2 Na5 16. Bxe7 Rxe7 17. Rb5 a6 18. Rb4 Rc8 19. Ng3 Nb3 20. Re1 b5 21.
axb5 a5 22. Ra4 Qxb5 23. Ra2 Rce8 24. Qd1 g6 25. Qf3 a4 26. h4 Qa5 27. Ne2 h5
28. g3 a3 29. Kg2 Rb7 30. g4 hxg4 31. Qxg4 Ra7 32. Rh1 Qd8 33. Nf4 Qf6 34. h5
Re4 35. hxg6 Rxf4 36. Qc8+ Kg7 37. Qh8+ 1-0

[Event "II C.to Europeo"]
[Site "Ohrid MKD"]
[Date "2001.06.13"]
[Round "12"]
[White "Sargissian, Gabriel"]
[Black "Arlandi, Ennio"]
[Result "1-0"]
[WhiteElo "2517"]
[BlackElo "2423"]
[PlyCount "99"]
[EventDate "2001.06.01"]

1. d4 d5 2. c4 e6 3. Nc3 Be7 4. cxd5 exd5 5. Bf4 c6 6. Qc2 g6 7. e3 Bf5 8. Qd2
Nf6 9. f3 h5 10. Bd3 Bxd3 11. Qxd3 Nbd7 12. Nge2 Nf8 13. O-O Ne6 14. Be5 Bd6
15. f4 Ng7 16. e4 Bxe5 17. dxe5 Qb6+ 18. Kh1 Nxe4 19. Nxe4 dxe4 20. Qxe4 O-O-O
21. Qc4 Rd7 22. Ng3 h4 23. Ne4 Nf5 24. Qc3 Rhd8 25. Nc5 Rd2 26. b4 Qb5 27. Rfe1
Rf2 28. a4 Qb6 29. Nd3 Ng3+ 30. hxg3 hxg3 31. Nc5 Rxf4 32. Qxg3 Rh8+ 33. Kg1
Qxb4 34. Nd3 Qb6+ 35. Qe3 Rd4 36. Nf2 Rhd8 37. a5 Qc7 38. e6 fxe6 39. Qxe6+ Kb8
40. Qxg6 a6 41. Re8 Ka7 42. Rxd8 Qxd8 43. Qc2 Rd5 44. Qc3 Rg5 45. Qe3+ Ka8 46.
Ra4 Qg8 47. g4 Rb5 48. Re4 Rb1+ 49. Kh2 Qh7+ 50. Kg2 1-0

[Event "II C.to Europeo"]
[Site "Ohrid MKD"]
[Date "2001.06.13"]
[Round "12"]
[White "Zlochevskij, Alexander"]
[Black "Tischbierek, Raj"]
[Result "1-0"]
[WhiteElo "2469"]
[BlackElo "2527"]
[PlyCount "69"]
[EventDate "2001.06.01"]

1. d4 d6 2. Nf3 Bg4 3. e4 Nf6 4. Nc3 e6 5. h3 Bh5 6. g4 Bg6 7. Qe2 a6 8. h4 h5
9. g5 Nfd7 10. Bh3 b5 11. a3 Nb6 12. O-O Be7 13. Bf4 N8d7 14. Bg3 O-O 15. Ne1
e5 16. dxe5 dxe5 17. Rd1 Bd6 18. Ng2 Qe8 19. Ne3 Nc5 20. Nf5 Ne6 21. Nd5 Nxd5
22. Rxd5 Nf4 23. Bxf4 exf4 24. Nxd6 cxd6 25. f3 f6 26. Rfd1 Rd8 27. Qd2 Qc6 28.
c3 fxg5 29. Rxg5 Bf7 30. Kh1 d5 31. Qd4 g6 32. e5 Kh7 33. Rdg1 Qc4 34. e6 Qe2
35. Rxh5+ 1-0

[Event "II C.to Europeo"]
[Site "Ohrid MKD"]
[Date "2001.06.14"]
[Round "13"]
[White "Belotti, Bruno"]
[Black "Brendel, Oliver"]
[Result "0-1"]
[WhiteElo "2440"]
[BlackElo "2389"]
[PlyCount "64"]
[EventDate "2001.06.01"]

1. e4 c5 2. Nf3 g6 3. d4 cxd4 4. Nxd4 Nc6 5. Be2 Bg7 6. Nb3 Nf6 7. Nc3 O-O 8.
O-O d6 9. Bg5 a5 10. a4 Be6 11. f4 Rc8 12. Kh1 Nb4 13. Nd4 Bc4 14. Ndb5 Qb6 15.
Bd3 Nxd3 16. cxd3 Bxb5 17. axb5 e6 18. f5 gxf5 19. exf5 d5 20. Ra4 h6 21. Bxf6
Bxf6 22. Qh5 Kh7 23. fxe6 fxe6 24. Rg4 Qe3 25. Qg6+ Kh8 26. h4 Be5 27. Rd1 d4
28. Re4 Rf6 29. Rxe3 Rxg6 30. Rxe5 dxc3 31. Rc1 cxb2 32. Rxc8+ Rg8 0-1

[Event "II C.to Europeo"]
[Site "Ohrid MKD"]
[Date "2001.06.14"]
[Round "13"]
[White "Chatalbashev, Boris"]
[Black "Rossi, Carlo"]
[Result "1-0"]
[WhiteElo "2518"]
[BlackElo "2418"]
[PlyCount "61"]
[EventDate "2001.06.01"]

1. d4 Nf6 2. Nf3 e6 3. Bg5 c5 4. e3 Qb6 5. Nbd2 cxd4 6. exd4 Qxb2 7. Bd3 Qc3 8.
O-O Qc7 9. Bxf6 gxf6 10. c4 Be7 11. Re1 b6 12. d5 Na6 13. Nd4 Qf4 14. Ne4 Rg8
15. Nf5 Nc5 16. Nxe7 Kxe7 17. d6+ Kf8 18. Nxc5 bxc5 19. Rb1 f5 20. Bf1 Ba6 21.
g3 Qd4 22. Qa4 Qxd6 23. Bg2 Rb8 24. Rxb8+ Qxb8 25. Qxa6 f4 26. Rd1 fxg3 27.
hxg3 Ke7 28. Qa3 Qb6 29. Qd3 d6 30. Rb1 Qa6 31. Rb7+ 1-0

[Event "II C.to Europeo"]
[Site "Ohrid MKD"]
[Date "2001.06.14"]
[Round "13"]
[White "Godena, Michele"]
[Black "Iordachescu, Viorel"]
[Result "0-1"]
[WhiteElo "2494"]
[BlackElo "2589"]
[PlyCount "74"]
[EventDate "2001.06.01"]

1. e4 g6 2. d4 Bg7 3. Nc3 c6 4. f4 d5 5. e5 Nh6 6. Be2 f6 7. Be3 O-O 8. Nf3 Bg4
9. Nh4 Bxe2 10. Nxe2 e6 11. Nf3 c5 12. c3 Ng4 13. Bg1 cxd4 14. cxd4 fxe5 15.
fxe5 Nc6 16. Nc3 Qa5 17. Qa4 Rac8 18. Qxa5 Nxa5 19. h3 Nh6 20. Bf2 Nc4 21. Na4
b6 22. O-O Nf5 23. Rfe1 h5 24. Re2 Bh6 25. Rae1 Rf7 26. Rc2 Rfc7 27. Rce2 Bf4
28. b3 Na3 29. Nb2 Ng3 30. Bxg3 Bxg3 31. Rd1 Nb5 32. Red2 Bf4 33. Rd3 Rc2 34.
Na4 Rxa2 35. Nh4 Kg7 36. g3 Bh6 37. Rf3 Nxd4 0-1

[Event "II C.to Europeo"]
[Site "Ohrid MKD"]
[Date "2001.06.14"]
[Round "13"]
[White "Kristjansson, Stefan"]
[Black "Efimov, Igor"]
[Result "1/2-1/2"]
[WhiteElo "2371"]
[BlackElo "2480"]
[PlyCount "132"]
[EventDate "2001.06.01"]

1. e4 c5 2. Nf3 e6 3. d4 cxd4 4. Nxd4 a6 5. c4 b6 6. Nc3 Bb7 7. Bd3 Bc5 8. Nde2
Nf6 9. O-O O-O 10. Bg5 Nc6 11. a3 h6 12. Bh4 Ne5 13. b4 Be7 14. f4 Nxd3 15.
Qxd3 d6 16. Rad1 Rc8 17. e5 dxe5 18. fxe5 Nh7 19. Qd7 Qxd7 20. Rxd7 Bxh4 21.
Rxb7 Bg5 22. Rf3 Bd8 23. Rf4 Bc7 24. Re4 Rfd8 25. Na4 Rd2 26. h4 f5 27. Re3 Nf8
28. c5 bxc5 29. Nxc5 a5 30. Nf4 axb4 31. axb4 Rd1+ 32. Kf2 Bd8 33. g3 Rc6 34.
Rd3 Rxd3 35. Nfxd3 g5 36. h5 Rb6 37. Ra7 Rb8 38. Ke3 Bb6 39. Re7 Bd8 40. Ra7
Bb6 41. Re7 Bd8 42. Rb7 Rxb7 43. Nxb7 Bb6+ 44. Nbc5 Kf7 45. Kd4 Ke7 46. Kc4 Kd8
47. Kb5 Kc7 48. Na6+ Kb7 49. Nac5+ Kc7 50. Na6+ Kb7 51. Nb8 Be3 52. Nc6 f4 53.
gxf4 gxf4 54. Ne1 Kc7 55. Ne7 Nh7 56. Ng8 Ng5 57. Nxh6 f3 58. Nxf3 Nxf3 59. Ng4
Bf4 60. h6 Nxe5 61. h7 Ng6 62. Kc5 Bd6+ 63. Kc4 Bf8 64. Nf6 Kb7 65. Ne4 Be7 66.
Nc5+ Kc6 1/2-1/2

[Event "XIX Open"]
[Site "San Giorgio su Legnano ITA"]
[Date "2001.05.31"]
[Round "1"]
[White "Bernasconi, Roberto"]
[Black "Ausmins, Elmar"]
[Result "0-1"]
[WhiteElo "1657"]
[BlackElo "2365"]
[PlyCount "74"]
[EventDate "2001.05.31"]

1. e4 d6 2. d4 Nf6 3. Nc3 g6 4. f4 Bg7 5. Nf3 O-O 6. Bd3 Bg4 7. O-O Nc6 8. Be3
e5 9. fxe5 dxe5 10. d5 Nd4 11. Be2 Bxf3 12. Bxf3 Ne8 13. Bxd4 exd4 14. Ne2 c5
15. Qd3 Nd6 16. c4 dxc3 17. bxc3 Re8 18. Rac1 b5 19. Ng3 Be5 20. Rfe1 Qb6 21.
Nf1 c4+ 22. Qe3 Bf4 23. Qxb6 axb6 24. Rc2 Ra3 25. Ne3 f5 26. Nd1 fxe4 27. Bg4
Rea8 28. Be6+ Kg7 29. Ree2 e3 30. g3 Bh6 31. Kg2 b4 32. Kf3 b3 33. axb3 cxb3
34. Rc1 Ra1 35. Rxa1 Rxa1 36. Nxe3 Bxe3 37. Kxe3 b2 0-1

[Event "XIX Open"]
[Site "San Giorgio su Legnano ITA"]
[Date "2001.05.31"]
[Round "1"]
[White "Orsenigo, Davide"]
[Black "Rettore, Ludwig"]
[Result "0-1"]
[WhiteElo "1555"]
[BlackElo "2134"]
[PlyCount "52"]
[EventDate "2001.05.31"]

1. e4 e5 2. Nf3 Nc6 3. d4 exd4 4. Bc4 Nf6 5. e5 d5 6. Bb5 Ne4 7. Nxd4 Bd7 8.
Bxc6 bxc6 9. O-O Bc5 10. Nb3 Bb6 11. N1d2 Nxd2 12. Bxd2 O-O 13. Kh1 f6 14. exf6
Qxf6 15. Bc3 Qh4 16. Bd4 Rae8 17. Qd2 Re6 18. f3 Rh6 19. g3 Qh3 20. Kg1 Qh5 21.
Bxb6 cxb6 22. f4 Bh3 23. Rf2 Re8 24. Re1 Rxe1+ 25. Qxe1 Re6 26. Qd2 Qe8 0-1

[Event "XIX Open"]
[Site "San Giorgio su Legnano ITA"]
[Date "2001.06.01"]
[Round "2"]
[White "Colombo, Ivano"]
[Black "Bernasconi, Roberto"]
[Result "0-1"]
[WhiteElo "1500"]
[BlackElo "1657"]
[PlyCount "90"]
[EventDate "2001.05.31"]

1. d4 Nf6 2. c4 g6 3. Nc3 Bg7 4. Nf3 O-O 5. e4 d6 6. Be2 e5 7. dxe5 dxe5 8.
Qxd8 Rxd8 9. Bg5 Re8 10. Bxf6 Bxf6 11. Nd5 Bd8 12. O-O-O c6 13. Nc3 Bc7 14. Rd2
Na6 15. a3 Nc5 16. Kc2 a5 17. Rhd1 a4 18. h3 Nb3 19. Rd3 Be6 20. Nd2 Nd4+ 21.
Kb1 Red8 22. Bf1 Rd7 23. Ne2 Rad8 24. Nxd4 Rxd4 25. Rxd4 Rxd4 26. Kc2 f5 27.
exf5 Bxf5+ 28. Kc1 Kf7 29. Nf3 Rxd1+ 30. Kxd1 Kf6 31. Kd2 Bb6 32. Ke1 e4 33.
Nd2 Ke5 34. g4 Be6 35. Bg2 e3 36. fxe3 Bxe3 37. Bf1 Bxd2+ 38. Kxd2 Kd4 39. c5
Kxc5 40. Kc3 g5 41. Bd3 h6 42. Bf5 Bd5 43. Bc2 b5 44. b4+ axb3 45. Bxb3 Bg2 0-1

[Event "XIX Open"]
[Site "San Giorgio su Legnano ITA"]
[Date "2001.06.02"]
[Round "3"]
[White "La Torre, Giovanni"]
[Black "Orsenigo, Davide"]
[Result "1-0"]
[WhiteElo "1881"]
[BlackElo "1555"]
[PlyCount "57"]
[EventDate "2001.05.31"]

1. e4 c5 2. Nf3 d6 3. d4 cxd4 4. Nxd4 Nf6 5. Nc3 a6 6. f3 e5 7. Nb3 Be7 8. Be3
Be6 9. Qd2 Nbd7 10. O-O-O b5 11. g4 Nc5 12. Qf2 Nxb3+ 13. axb3 Qa5 14. Kb1 Rc8
15. Bb6 Nxg4 16. fxg4 Qb4 17. Qf3 d5 18. exd5 Bxg4 19. Qd3 Bxd1 20. Qxd1 f5 21.
Bh3 g6 22. Bxf5 Rxc3 23. bxc3 Qxc3 24. d6 Bf6 25. d7+ Kf7 26. Qd5+ Kg7 27. d8=Q
e4 28. Qxf6+ Qxf6 29. Bd4 1-0

[Event "XIX Open"]
[Site "San Giorgio su Legnano ITA"]
[Date "2001.06.02"]
[Round "4"]
[White "Maffeo, Mauro"]
[Black "Bernasconi, Roberto"]
[Result "0-1"]
[WhiteElo "1567"]
[BlackElo "1657"]
[PlyCount "86"]
[EventDate "2001.05.31"]

1. f4 d5 2. Nf3 Nf6 3. e3 e6 4. Be2 Be7 5. O-O O-O 6. Qe1 Nbd7 7. Nc3 c6 8. b3
Qc7 9. Bb2 b6 10. Rc1 Bb7 11. Qg3 Rad8 12. h4 Bd6 13. Qh3 e5 14. fxe5 Nxe5 15.
Nd4 Bc8 16. Qh1 Neg4 17. Bxg4 Nxg4 18. Nf3 Qe7 19. Nd1 Bg3 20. Nc3 Bd6 21. Nd1
Bg3 22. Qh3 Qd6 23. Qh1 Qe7 24. Qh3 Qc7 25. Qh1 Rd6 26. c4 dxc4 27. Rxc4 Rh6
28. Rxg4 Bxg4 29. Nc3 Qe7 30. Ne2 Bxh4 31. Nf4 Bf2+ 32. Rxf2 Rxh1+ 33. Kxh1
Bxf3 34. gxf3 Rd8 35. Rg2 Qh4+ 36. Kg1 Qe1+ 37. Kh2 Rxd2 38. Bd4 Rxg2+ 39. Nxg2
Qe2 40. a3 Qxf3 41. b4 c5 42. bxc5 bxc5 43. Bc3 c4 0-1

[Event "XIX Open"]
[Site "San Giorgio su Legnano ITA"]
[Date "2001.06.02"]
[Round "4"]
[White "Orsenigo, Davide"]
[Black "Mereghetti, Marco"]
[Result "0-1"]
[WhiteElo "1555"]
[BlackElo "1647"]
[PlyCount "117"]
[EventDate "2001.05.31"]

1. e4 Nf6 2. e5 Nd5 3. d4 d6 4. Nf3 Bg4 5. Be2 e6 6. O-O Be7 7. c4 Nb6 8. Nc3
O-O 9. b3 Nc6 10. Re1 Bf5 11. a3 dxe5 12. dxe5 Qxd1 13. Bxd1 Rfd8 14. Be3 Nd7
15. Bf4 Nc5 16. Bg3 Rd3 17. Rc1 Rd7 18. Bc2 Nd3 19. Bxd3 Rxd3 20. b4 Bg4 21.
Re3 Rxe3 22. fxe3 Rd8 23. Rd1 Rxd1+ 24. Nxd1 a5 25. b5 Na7 26. a4 Bc5 27. Bh4
Nc8 28. Bd8 Nb6 29. Bxc7 Nxc4 30. Kf2 b6 31. h3 Bf5 32. Nd4 Bd3 33. g4 Nd2 34.
Kg3 Ne4+ 35. Kg2 Kf8 36. Nb2 Bb1 37. Nc4 Nc3 38. Nxb6 Be4+ 39. Kg3 Bb4 40. Bd6+
Ke8 41. Nb3 Bc2 42. Nc5 Bxc5 43. Nc4 Ne4+ 44. Kf4 Nxd6 45. exd6 Kd7 46. Nxa5
Bxd6+ 47. Kf3 Bxa4 48. b6 Bc6+ 49. e4 Bb8 50. Nc4 Bb5 51. Ne5+ Kd6 52. Nxf7+
Kc6 53. Nd8+ Kxb6 54. Nf7 h6 55. g5 h5 56. g6 Kc7 57. Kf4 Kd7+ 58. Kg5 h4 59.
Ne5+ 0-1

[Event "XIX Open"]
[Site "San Giorgio su Legnano ITA"]
[Date "2001.06.03"]
[Round "5"]
[White "Travaglini, Renzo"]
[Black "Orsenigo, Davide"]
[Result "1/2-1/2"]
[WhiteElo "1402"]
[BlackElo "1555"]
[PlyCount "90"]
[EventDate "2001.05.31"]

1. e4 c5 2. c3 Nf6 3. e5 Nd5 4. Bc4 e6 5. Bxd5 exd5 6. d4 d6 7. exd6 Bxd6 8.
Be3 Qe7 9. Qe2 O-O 10. Nf3 Nc6 11. O-O Bg4 12. Qd1 Rfe8 13. dxc5 Bxc5 14. Bxc5
Qxc5 15. Nbd2 Re6 16. Nb3 Qd6 17. Qd3 Bxf3 18. Qxf3 Rae8 19. Rad1 Re4 20. Qd3
Re2 21. Rd2 Rxd2 22. Qxd2 Qe5 23. Nc1 d4 24. c4 g6 25. Nd3 Qe2 26. Rd1 Kg7 27.
h3 f6 28. b3 Qxd2 29. Rxd2 b6 30. Kf1 g5 31. Ne1 Kg6 32. Nf3 Rd8 33. Ke2 h5 34.
a3 g4 35. hxg4 hxg4 36. Nh4+ Kg5 37. g3 Ne5 38. Ng2 Nf3 39. Rd3 f5 40. Rd1 Re8+
41. Kd3 Ne5+ 42. Kd2 Nf3+ 43. Kd3 Rc8 44. Nf4 Kf6 45. Rh1 Ng5 1/2-1/2

[Event "XIX Open"]
[Site "San Giorgio su Legnano ITA"]
[Date "2001.06.03"]
[Round "6"]
[White "Marra, Giuseppe"]
[Black "Bernasconi, Roberto"]
[Result "1/2-1/2"]
[WhiteElo "1582"]
[BlackElo "1657"]
[PlyCount "74"]
[EventDate "2001.05.31"]

1. e4 e5 2. Bc4 Nf6 3. f4 d6 4. d3 Nc6 5. Nf3 Be7 6. O-O O-O 7. f5 Na5 8. Nbd2
c6 9. b4 Nxc4 10. Nxc4 Nd7 11. Ne3 Qb6 12. Bd2 d5 13. Kh1 dxe4 14. dxe4 Qc7 15.
Qe2 b6 16. c4 Bb7 17. Bc3 Rfd8 18. Ng4 f6 19. a4 a6 20. Rae1 a5 21. bxa5 bxa5
22. Qf2 Bb4 23. Bxb4 axb4 24. Qa2 Nc5 25. h4 Rxa4 26. Qc2 b3 27. Qf2 Nd3 28.
Qg3 Kf7 29. Re3 Rxc4 30. h5 b2 31. Rxd3 Rc1 32. Ngxe5+ fxe5 33. Ng5+ Kg8 34.
Rxd8+ Qxd8 35. Qb3+ Qd5 36. Qxb7 Rxf1+ 37. Kh2 Qd8 1/2-1/2

[Event "XIX Open"]
[Site "San Giorgio su Legnano ITA"]
[Date "2001.06.03"]
[Round "6"]
[White "Orsenigo, Davide"]
[Black "Ruggiero, Paolino"]
[Result "1-0"]
[WhiteElo "1555"]
[BlackElo "1437"]
[PlyCount "61"]
[EventDate "2001.05.31"]

1. e4 e5 2. Nf3 Nc6 3. d4 exd4 4. Bc4 Bb4+ 5. c3 dxc3 6. O-O d6 7. Nxc3 Bxc3 8.
bxc3 Bg4 9. Qb3 Bxf3 10. Bxf7+ Kf8 11. gxf3 Ne5 12. Bh5 Nf6 13. Bg5 b6 14. f4
g6 15. fxe5 dxe5 16. Rad1 Qe7 17. Bh6+ Ke8 18. Qb5+ Nd7 19. Bg4 Rd8 20. Bxd7+
Rxd7 21. Rxd7 Qxd7 22. Qxe5+ Kf7 23. Qg7+ Ke6 24. Qxh8 Qf7 25. Qc8+ Ke5 26. f4+
Kxe4 27. Qd8 c5 28. Re1+ Kf3 29. Qd3+ Kg4 30. h3+ Kh5 31. Bg5 1-0

[Event "II Open Svolta A"]
[Site "Torino ITA"]
[Date "2001.05.26"]
[Round "1"]
[White "Faraoni, Enrico"]
[Black "Malano, Francesco"]
[Result "1-0"]
[WhiteElo "2168"]
[BlackElo "2036"]
[PlyCount "79"]
[EventDate "2001.05.26"]

1. e4 c5 2. b3 Nf6 3. e5 Nd5 4. Nf3 Nc6 5. Bb2 e6 6. Na3 d6 7. Bb5 Bd7 8. exd6
Bxd6 9. Nc4 Bc7 10. d4 Nxd4 11. Nxd4 cxd4 12. Bxd7+ Qxd7 13. Qxd4 Nf6 14. O-O-O
Qxd4 15. Rxd4 O-O 16. Rhd1 Rfd8 17. Rxd8+ Rxd8 18. Rxd8+ Bxd8 19. Nd6 Ng4 20.
Bd4 b6 21. h3 Bc7 22. Nb5 Bf4+ 23. Kd1 e5 24. hxg4 exd4 25. Nxa7 f5 26. gxf5
Kf7 27. Ke2 Kf6 28. Nc6 Kxf5 29. Kd3 h5 30. Nxd4+ Kg4 31. Ke4 Bc1 32. a4 Ba3
33. Ne6 Bb2 34. c4 h4 35. Nf4 Ba3 36. Nd3 g5 37. b4 Kh5 38. c5 bxc5 39. bxc5 g4
40. Kf4 1-0

[Event "II Open Svolta A"]
[Site "Torino ITA"]
[Date "2001.05.26"]
[Round "1"]
[White "Mrdja, Milan"]
[Black "Lo Curto, Emanuele"]
[Result "1-0"]
[WhiteElo "2450"]
[BlackElo "2106"]
[PlyCount "53"]
[EventDate "2001.05.26"]

1. e4 c5 2. Nf3 d6 3. d4 cxd4 4. Nxd4 Nf6 5. Nc3 e6 6. f4 Be7 7. Qf3 O-O 8. Be3
e5 9. Nf5 Bxf5 10. exf5 Qa5 11. O-O-O e4 12. Qh3 Rc8 13. Kb1 Nc6 14. Bc4 b5 15.
Bb3 Rd8 16. g4 b4 17. Nd5 Nxd5 18. Bxd5 Rac8 19. g5 Qc7 20. f6 Bf8 21. fxg7
Bxg7 22. Bxe4 Qe7 23. Bxh7+ Kf8 24. Rhe1 Re8 25. Bc1 Qc7 26. Rxe8+ Rxe8 27. f5
1-0

[Event "II Open Svolta A"]
[Site "Torino ITA"]
[Date "2001.05.26"]
[Round "1"]
[White "Pepino, Enrico"]
[Black "Scarenzio, Renato"]
[Result "0-1"]
[WhiteElo "1858"]
[BlackElo "2107"]
[PlyCount "120"]
[EventDate "2001.05.26"]

1. e4 c6 2. d4 d5 3. Nc3 dxe4 4. Nxe4 Nd7 5. Bd3 Ndf6 6. Ng3 Qxd4 7. Nf3 Qc5 8.
O-O Bg4 9. h3 Bxf3 10. Qxf3 O-O-O 11. Be3 Qd5 12. Qe2 e6 13. Bxa7 Bc5 14. Bc4
Qg5 15. Bxc5 Qxc5 16. Rfe1 Rd4 17. Bb3 Ne7 18. c3 Rd7 19. Rad1 Rhd8 20. Rxd7
Rxd7 21. Rd1 Rxd1+ 22. Qxd1 Ng6 23. Qe2 Qd6 24. Qd1 Qe5 25. Qe2 Nd5 26. Qxe5
Nxe5 27. Bxd5 cxd5 28. Ne2 Nd3 29. b3 e5 30. g4 Kd7 31. Kg2 b5 32. Kf3 Nc5 33.
Ke3 Ke6 34. f4 f6 35. fxe5 fxe5 36. h4 Kd6 37. Ng3 g6 38. Ne2 h6 39. Ng3 Nd7
40. h5 gxh5 41. Nxh5 e4 42. Ng7 Ke5 43. Nf5 h5 44. Nd4 hxg4 45. Nxb5 g3 46. Nd4
Nf6 47. a4 Ng4+ 48. Kd2 e3+ 49. Ke1 g2 50. Nf3+ Kf4 51. Ke2 Kg3 52. a5 Ne5 53.
Ng1 Nc6 54. a6 Kf4 55. b4 Na7 56. Ke1 Nb5 57. Nh3+ Ke4 58. Ng1 Kd3 59. Ne2 Kc4
60. a7 Nxa7 0-1

[Event "II Open Svolta A"]
[Site "Torino ITA"]
[Date "2001.05.26"]
[Round "1"]
[White "Soncin, Denis"]
[Black "Sarno, Spartaco"]
[Result "0-1"]
[WhiteElo "2086"]
[BlackElo "2407"]
[PlyCount "42"]
[EventDate "2001.05.26"]

1. e4 d6 2. d4 Nf6 3. Nc3 g6 4. Nf3 Bg7 5. Be2 O-O 6. O-O c6 7. Be3 b5 8. e5
Ne8 9. Qd2 Nd7 10. Bf4 dxe5 11. dxe5 Nc7 12. Rad1 Ne6 13. Rfe1 Qc7 14. Bg3 Rd8
15. Qe3 Bb7 16. Bf1 a6 17. Bh4 Ndf8 18. Ne4 c5 19. c4 b4 20. Bg3 Qc6 21. Bh4
Rxd1 0-1

[Event "II Open Svolta A"]
[Site "Torino ITA"]
[Date "2001.05.27"]
[Round "2"]
[White "Drazic, Sinisa"]
[Black "Diana, Riccardo"]
[Result "1-0"]
[WhiteElo "2490"]
[BlackElo "2190"]
[PlyCount "71"]
[EventDate "2001.05.26"]

1. d4 d5 2. Bg5 Nd7 3. e3 Ngf6 4. c4 h6 5. Bh4 e6 6. Nc3 Be7 7. Nf3 O-O 8. a3
a6 9. cxd5 exd5 10. Qc2 c6 11. Bd3 Re8 12. h3 Ne4 13. Bxe4 Bxh4 14. Bh7+ Kf8
15. O-O g6 16. Bxg6 fxg6 17. Qxg6 Bf6 18. Qxh6+ Bg7 19. Qg6 Kg8 20. Ng5 Qe7 21.
e4 Nf8 22. Qh5 dxe4 23. Ncxe4 Bf5 24. Rae1 Bg6 25. Qd1 Bxe4 26. Nxe4 Rad8 27.
f4 Bxd4+ 28. Kh1 Qg7 29. f5 Nh7 30. Rf4 Kh8 31. Qh5 Qc7 32. Rh4 Bf2 33. Qxh7+
Qxh7 34. Rxh7+ Kxh7 35. Nf6+ Kh6 36. Rxe8 1-0

[Event "II Open Svolta A"]
[Site "Torino ITA"]
[Date "2001.05.27"]
[Round "2"]
[White "Fittante, Giuliana"]
[Black "Rossi, Vittorio"]
[Result "1/2-1/2"]
[WhiteElo "1812"]
[BlackElo "1900"]
[PlyCount "51"]
[EventDate "2001.05.26"]

1. d4 d5 2. Nf3 Nf6 3. Bg5 e6 4. e3 Be7 5. Bd3 Nbd7 6. Nbd2 O-O 7. c3 Re8 8.
O-O Nf8 9. Ne5 N6d7 10. Bxe7 Qxe7 11. f4 f6 12. Nxd7 Bxd7 13. e4 e5 14. fxe5
fxe5 15. Qb3 Qg5 16. Rf2 exd4 17. Nf3 Qh5 18. cxd4 c6 19. exd5 cxd5 20. Qxb7
Reb8 21. Qc7 Rc8 22. Qe5 Bg4 23. Ng5 Rd8 24. Rf7 Ne6 25. Nxe6 Qxe5 26. dxe5
1/2-1/2

[Event "II Open Svolta A"]
[Site "Torino ITA"]
[Date "2001.05.27"]
[Round "2"]
[White "Lo Curto, Emanuele"]
[Black "Pepino, Enrico"]
[Result "1/2-1/2"]
[WhiteElo "2106"]
[BlackElo "1858"]
[PlyCount "42"]
[EventDate "2001.05.26"]

1. e4 c5 2. Nf3 d6 3. d4 cxd4 4. Nxd4 Nf6 5. Nc3 g6 6. Be3 Bg7 7. f3 O-O 8. Bc4
Nc6 9. Qd2 Bd7 10. Bb3 Rc8 11. g4 Ne5 12. O-O-O Nc4 13. Bxc4 Rxc4 14. h4 Qa5
15. Kb1 Rfc8 16. h5 Rxc3 17. bxc3 Bxg4 18. hxg6 hxg6 19. Bh6 Bh8 20. Qg2 Bh5
21. Bd2 Rc4 1/2-1/2

[Event "II Open Svolta A"]
[Site "Torino ITA"]
[Date "2001.05.27"]
[Round "2"]
[White "Malano, Francesco"]
[Black "Soncin, Denis"]
[Result "0-1"]
[WhiteElo "2036"]
[BlackElo "2086"]
[PlyCount "44"]
[EventDate "2001.05.26"]

1. f4 c5 2. b3 Nf6 3. Bb2 e6 4. Nf3 Nc6 5. e3 Be7 6. Bb5 O-O 7. O-O d6 8. Bxc6
bxc6 9. c4 Ng4 10. h3 Nh6 11. g4 f6 12. d3 e5 13. f5 d5 14. Qe2 Nxf5 15. gxf5
Bxf5 16. Kg2 dxc4 17. e4 cxd3 18. Qe3 Be6 19. Nbd2 Qe8 20. Qxd3 Qh5 21. Ng1
Qg5+ 22. Kf3 Rad8 0-1

[Event "II Open Svolta A"]
[Site "Torino ITA"]
[Date "2001.05.27"]
[Round "2"]
[White "Sarno, Spartaco"]
[Black "Faraoni, Enrico"]
[Result "1/2-1/2"]
[WhiteElo "2407"]
[BlackElo "2168"]
[PlyCount "65"]
[EventDate "2001.05.26"]

1. c4 g6 2. Nc3 Bg7 3. g3 d6 4. Bg2 e5 5. Nf3 Nc6 6. O-O Nf6 7. d3 O-O 8. Rb1
a5 9. a3 Re8 10. Bg5 h6 11. Bxf6 Bxf6 12. b4 axb4 13. axb4 Nd4 14. Nxd4 exd4
15. Nd5 c6 16. Nxf6+ Qxf6 17. b5 Bd7 18. Qd2 Kg7 19. bxc6 Bxc6 20. Rb6 Rac8 21.
e4 dxe3 22. fxe3 Qe5 23. Bxc6 bxc6 24. Rb7 Re7 25. Rxe7 Qxe7 26. e4 Rc7 27.
Qb2+ Qe5 28. Rb1 Qxb2 29. Rxb2 Kf6 30. Kf2 Ke5 31. Ke3 c5 32. Rb5 Ke6 33. h4
1/2-1/2

[Event "II Open Svolta A"]
[Site "Torino ITA"]
[Date "2001.05.28"]
[Round "3"]
[White "Diana, Riccardo"]
[Black "Lo Curto, Emanuele"]
[Result "0-1"]
[WhiteElo "2190"]
[BlackElo "2106"]
[PlyCount "98"]
[EventDate "2001.05.26"]

1. c4 Nf6 2. Nc3 g6 3. g3 Bg7 4. Bg2 O-O 5. Nf3 d6 6. O-O e5 7. d3 Nc6 8. Rb1
a5 9. a3 h6 10. h3 Be6 11. Be3 Nh5 12. Qc1 Kh7 13. g4 Nf6 14. Nd5 Ng8 15. g5
Nd4 16. Bxd4 exd4 17. Qd2 c6 18. Nf4 Bd7 19. h4 Bg4 20. Nh3 h5 21. b4 Qd7 22.
Kh2 a4 23. Rbe1 Ne7 24. Nhg1 Rfe8 25. e4 Kg8 26. Kh1 b6 27. Nh2 Be6 28. f4 d5
29. cxd5 cxd5 30. f5 gxf5 31. e5 Ng6 32. Ngf3 f4 33. Nxd4 Bxe5 34. Nhf3 Bg7 35.
Qf2 Bh3 36. Rxe8+ Rxe8 37. Rc1 Bxg2+ 38. Qxg2 Nxh4 39. Nxh4 Bxd4 40. g6 f6 41.
Nf3 Be3 42. Rc2 Rc8 43. Rxc8+ Qxc8 44. Nh4 Qc1+ 45. Kh2 Qd2 46. Nf5 Qxg2+ 47.
Kxg2 Bc1 48. Ne7+ Kg7 49. Nxd5 b5 0-1